000 01083nam a2200277Ia 4500
003 OSt
005 20221005105412.0
006 a|||||r|||| 00| 0
007 ta
008 221004b |||||||| |||| 00| 0 hin d
020 _a9788121407151 (hbk)
_cINR 600.00
024 _a37612
037 _b390, 12/03/2018, Eastern Book Linkers
_cTextual
040 _aCRL
_cCRL
_bhin
041 _2hin
_ahin
082 _aO152,6:g, Q6
100 _aअटल, योगेश, ले.
245 0 _aवर्तमान का संदर्भ
_b प्रश्नों की पड़ताल
246 _aVartamān kā sandarbha: prashnoan kī paड़tāla
260 _aनई दिल्ली
_bनेशनल पब्लिशिंग हाउस भारत
_c2017
300 _a231पृ0
_ccm.
650 _a हिन्दी साहित्य
650 _aहिन्दी निबंध
942 _hO152,6:g, Q6
_cTEXL
_2cc
999 _c1015719
_d1015719